| 000 | 00422nam a2200169Ia 4500 | ||
|---|---|---|---|
| 003 | GCL | ||
| 008 | 140319s9999 xx 000 0 eng d | ||
| 040 |
_aGCL / _cGCL |
||
| 082 | 0 | 4 |
_a745.592 _bF E |
| 100 | 1 | _aFORDE, TERRY | |
| 245 | 1 | 0 |
_aEASY - TO - MAKE / _cFORDE, TERRY |
| 700 | 1 | _aWOODEN TOY MAKING | |
| 260 |
_a[S.N] : _bDAVID & CHARLES ، _c1993 |
||
| 300 | _a136 | ||
| 650 | 0 | 4 | _aWOOD TOY MAKING |
| 942 |
_2ddc _cBK |
||
| 999 |
_c17328 _d17328 |
||